| 000 | 00749nam a22002297a 4500 | ||
|---|---|---|---|
| 005 | 20140507125801.0 | ||
| 010 | _aENG-105469 | ||
| 020 |
_a9780198082897 _c225.00 |
||
| 020 |
_a0198082894 _c225.00 |
||
| 035 | _aEN-89002 | ||
| 035 | _aB-514033-038 | ||
| 037 | _bDBAD/PUB | ||
| 082 | _a799.260824 | ||
| 082 | _a799.2092 | ||
| 100 | _aCorbett, Jim | ||
| 245 |
_aMy Kumaon : _cby Jim Corbett _buncollected writings / |
||
| 260 |
_aNew Delhi _bOxford University Press _c2012 |
||
| 270 |
_aYMCA Library Building.1 Jai Singh Road, _bNew Delhi _e110001 |
||
| 300 |
_axx,142p. _c22cm(pbk) _bill |
||
| 942 |
_2ddc _cEN _h799.2092 _mCOR |
||
| 999 |
_c68188 _d68188 |
||